00550nam a2200157 a 450000100100000000500170001000800410002704000250006808200210009310000240011424500490013826000530018730000360024065100560027665100600033200002609520240301073829.0110301s1985 dr a 000 0 spa d aDO-SdBNPbspacBNPHU a972.93054bR136r1 aRaful, Tony,d1951-13aLa Revolución de Abril 1965 /cTony Raful. aSanto Domingo :bEditorial Santo Domingo,c1985. a253 p. :bil., retrs. ;c21 cm. 4aRepública DominicanaxHistoriayREVOLUCIÓN 1965 4aRepública DominicanaxHistoriayGOLPE DE ESTADO, 1963